Инновационное развитие системы тылового обеспечения органов внутренних дел Российской Федерации (Запись № 10859354)

Подробности
000 -МАРКЕР
контрольное поле 02235nam0a2200385 i 4500
001 - ИДЕНТИФИКАТОР ЗАПИСИ
контрольное поле RU\NLR\BIBL_A\011595527
005 - ИДЕНТИФИКАТОР ВЕРСИИ
контрольное поле 20260510063346.0
010 ## - МЕЖДУНАРОДНЫЙ СТАНДАРТНЫЙ НОМЕР КНИГИ (ISBN)
Номер (ISBN) 9785906942203
Тираж 47
021 ## - НОМЕР ГОСУДАРСТВЕННОЙ РЕГИСТРАЦИИ
Код страны Российская Федерация
Номер 2017-95798
Номер Листа государственной регистраци 6883
035 ## - ДРУГИЕ СИСТЕМНЫЕ НОМЕРА
Идентификатор записи (RuMoRGB)009484517
035 ## - ДРУГИЕ СИСТЕМНЫЕ НОМЕРА
Идентификатор записи (NLR Aleph) 011595527
100 ## - ДАННЫЕ ОБЩЕЙ ОБРАБОТКИ
Данные общей обработки 20180116d2017 km y0rusy50 ca
101 0# - ЯЗЫК РЕСУРСА
Язык текста, звукозаписи и т.д. русский
102 ## - СТРАНА ПУБЛИКАЦИИ ИЛИ ПРОИЗВОДСТВА
Страна публикации Российская Федерация
105 ## - ПОЛЕ КОДИРОВАННЫХ ДАННЫХ: ТЕКСТОВЫЕ МАТЕРИАЛЫ, МОНОГРАФИЧЕСКИЕ
Кодированные данные о монографическом текстовом документе a|||z|||000zy
200 1# - ЗАГЛАВИЕ И СВЕДЕНИЯ ОБ ОТВЕТСТВЕННОСТИ
Основное заглавие Инновационное развитие системы тылового обеспечения органов внутренних дел Российской Федерации
Сведения, относящиеся к заглавию монография
Первые сведения об ответственности [Гапоненко В. Ф., Новиков В. В., Емельянов А. С., Мартынов Е. А.]
Последующие сведения об ответственности Академия управления МВД России
-- под редакцией доктора экономических наук, профессора В. Ф. Гапоненко
210 ## - ПУБЛИКАЦИЯ, РАСПРОСТРАНЕНИЕ И ДР.
Место издания, распространения и т.д. Москва
Имя издателя, распространителя и т. д. Акад. упр. МВД России
Дата издания, распространения и т.д. 2017
215 ## - ФИЗИЧЕСКАЯ ХАРАКТЕРИСТИКА
Специфическое обозначение материала и объем 159, [1] с.
Другие сведения о физической характеристике ил., табл.
Размеры 21
300 ## - ОБЩИЕ ПРИМЕЧАНИЯ
Текст примечания Авт. указаны на обороте тит. л.
320 ## - ПРИМЕЧАНИЯ О НАЛИЧИИ В ДОКУМЕНТЕ БИБЛИОГРАФИИ / УКАЗАТЕЛЯ
Текст примечания Библиогр.: с. 99-107 и в подстроч. примеч.
606 1# - НАИМЕНОВАНИЕ ТЕМЫ КАК ПРЕДМЕТ
Наименование темы Органы внутренних дел
Тематический подзаголовок Тыловое обеспечение
Географический подзаголовок Российская Федерация
Системный номер авторитетной/нормативной записи 2251263
Идентификатор авторитетной/нормативной записи RU\NLR\AUTH\6601580921
686 ## - ИНДЕКСЫ ДРУГИХ КЛАССИФИКАЦИЙ
Индекс Х621.163.01,0
Код системы
686 ## - ИНДЕКСЫ ДРУГИХ КЛАССИФИКАЦИЙ
Индекс Ц7,6(2Р)4
Код системы
686 1# - ИНДЕКСЫ ДРУГИХ КЛАССИФИКАЦИЙ
Индекс Х621.163.01
701 #1 - ИМЯ ЛИЦА - АЛЬТЕРНАТИВНАЯ ОТВЕТСТВЕННОСТЬ
Начальный элемент ввода Гапоненко
Часть имени, кроме начального элемента ввода В. Ф.
Расширение инициалов личного имени Владимир Федосович
701 #1 - ИМЯ ЛИЦА - АЛЬТЕРНАТИВНАЯ ОТВЕТСТВЕННОСТЬ
Графика поля Кириллица
Материалы, к которым относится поле rus
Начальный элемент ввода Новиков
Часть имени, кроме начального элемента ввода В. В.
Дополнения к именам, кроме дат канд. экон. наук
Расширение инициалов личного имени Владимир Викторович
Системный номер авторитетной/нормативной записи 74220
Идентификатор авторитетной/нормативной записи RU\NLR\AUTH\7791293
701 #1 - ИМЯ ЛИЦА - АЛЬТЕРНАТИВНАЯ ОТВЕТСТВЕННОСТЬ
Начальный элемент ввода Емельянов
Часть имени, кроме начального элемента ввода А. С.
Дополнения к именам, кроме дат канд. экон. наук
Расширение инициалов личного имени Александр Сергеевич
Системный номер авторитетной/нормативной записи 184217
Идентификатор авторитетной/нормативной записи RU\NLR\AUTH\770184268
701 #1 - ИМЯ ЛИЦА - АЛЬТЕРНАТИВНАЯ ОТВЕТСТВЕННОСТЬ
Графика поля Латинская
Материалы, к которым относится поле rus
Начальный элемент ввода Мартынов
Часть имени, кроме начального элемента ввода Е. А.
Дополнения к именам, кроме дат канд. социол. наук
Даты 1962-
Расширение инициалов личного имени Евгений Александрович
Системный номер авторитетной/нормативной записи 145688
Идентификатор авторитетной/нормативной записи RU\NLR\AUTH\770145724
712 02 - НАИМЕНОВАНИЕ ОРГАНИЗАЦИИ - ВТОРИЧНАЯ ОТВЕТСТВЕННОСТЬ
Код отношения Издающая организация
Начальный элемент ввода Академия управления МВД России
Системный номер авторитетной/нормативной записи 477830
Идентификатор авторитетной/нормативной записи RU\NLR\AUTH\889990998
942 ## - ДОПОЛНИТЕЛЬНЫЕ ЭЛЕМЕНТЫ ЗАПИСИ (АБИС)
Тип экземпляра АБИС Книга
980 ## - КОЛЛЕКЦИЯ
Название коллекции НБР

Нет доступных экземпляров.